Responses for Show #6136 - Monday, April 25, 2011

Brian Meacham game 3.

Contestants

[<< previous game]

Chuck Narikiyo, an attorney from Waipahu, Hawaii

Emily Barkley-Levenson, a graduate student of cognitive neuroscience from West Hollywood, California

Brian Meacham, a film preservationist originally from Anchorage, Alaska (whose 2-day cash winnings total $35,500)

[next game >>]

Jeopardy! Round responses

THE 112th CONGRESS
ONE-WORD FILM TITLES
PUMP UP THE JAM
COMMUNITY COLLEGE ALUMNI
"V" 8-LETTER WORDS
PACIFIC OCEAN LIFE
(Sarah: ...from the Maui Ocean Center--the amazing adaptations of creatures of the deep.)
    $200 6
John McCain

Emily
    $200 1
Avatar

Brian
    $200 16
strawberry

Chuck
    $200 18
the Space Shuttle

Emily
    $200 11
velocity

Chuck
    $200 17
camouflage

Chuck
    $400 7
(Chuck: Who is Feinstein?)

Nancy Pelosi

BrianChuck
    $400 2
Inception

Brian
    $400 27
kiwi

Chuck
    $400 19
the Surgeon General

Emily
    $400 12
verboten

Emily
    $400 23
carnivores

Chuck
    $600 8
Eric Cantor

Triple Stumper
    $600 3
Tangled

Brian
    $600 28
peach

Chuck
    $600 20
George Lucas

Emily
    $600 13
verbatim

Chuck
    $600 24
shells

Chuck
    $800 9
Harry Reid

Brian
    $800 4
Burlesque

Chuck
    $800 29
(Brian: What is a cherry?)

plums

BrianEmily
    $800 21
(Brian: What is Ice Cream of the Future?)

Dippin' Dots

BrianEmily
    $800 14
vendetta

Chuck
    $800 25
the bends

Brian
    $2,400 10
Barack Obama

Brian
    $1000 5
Megamind

Triple Stumper
    $1000 30
fig

Triple Stumper
    $1000 22
[ERRATUM: Victoria College is in Victoria, Texas, about 210 miles away from Beaumont. He attended middle school, not college, in Beaumont.]

Jim Lehrer

Emily
    $1000 15
volition

Brian
    $1000 26
the pectoral fins

Chuck

Scores at the first commercial break (after clue 15):

Brian Emily Chuck
$5,800 $600 $2,000

Scores at the end of the Jeopardy! Round:

Brian Emily Chuck
$5,000 $4,400 $5,400

Double Jeopardy! Round responses

TOP OF THE CHARTS
COUNT IT "OFF"
1, 2, 3, 4
THE OPENING VERSE
TIME FOR A SOLO
FADE OUT
    $400 6
Blondie

Emily
    $400 20
Stroganoff

Brian
    $400 11
Mars

Brian
    $400 1
tune

Emily
    $400 16
a tanning bed

Chuck
    $400 30
King Tut

Chuck
    $800 7
The Bee Gees

Chuck
    $800 21
the Joffrey Ballet

Triple Stumper
    $800 12
Willie Mays

Chuck
    $800 2
summer

Emily
    $800 17
the luge

Chuck
    $800 29
(Washington) Irving

Chuck
    $1200 8
The Supremes

Triple Stumper
    $1200 22
a handoff

Chuck
    $1200 13
South America

Brian
    $1200 3
a swan

Brian
    $1200 18
a yo-yo

Chuck
    $1200 26
Isabella

Chuck
    $1600 9
Dire Straits

Brian
    $1600 23
a truant officer

Emily
    $3,000 14
Florida

Brian
    $2,000 4
(Brian: Who is John Smith?)

John Alden

Brian
    $1600 19
the hole

Emily
    $1600 27
Ponce de Leon

Emily
    $2000 10
Hall & Oates

Chuck
    $2000 24
a coffer

Chuck
    $2000 15
beryllium

Triple Stumper
    $2000 5
(Carl) Sandburg

Chuck
    $2000 25
(Alex: With a minute to go.)

a soliloquy

Emily
    $2000 28
(Samuel) Pepys

Brian

Scores at the end of the Double Jeopardy! Round:

Brian Emily Chuck
$12,800 $12,800 $19,000

[wagering suggestions for these scores]

Final Jeopardy! Round responses

BRITISH LANDMARKS
BrianWhat is Big Ben?
$12,799
EmilyWhat is the Tate
$6,000
ChuckWhat is Pauls hat?
$6,601
Big Ben

Final scores:

Brian Emily Chuck
$25,599 $6,800 $12,399
3-day champion: $61,099 3rd place: $1,000 2nd place: $2,000

Game dynamics:

Coryat scores:

Brian Emily Chuck
$12,000 $12,800 $19,000
15 R
(including 2 DDs),
3 W
(including 1 DD)
15 R,
0 W
23 R,
1 W

Combined Coryat: $43,800

[game clues] [game scores] [suggest correction]

Game tape date: 2011-02-01
The J! Archive is created by fans, for fans. Scraping, republication, monetization, and malicious use prohibited; this site may use cookies and collect identifying information. See terms. The Jeopardy! game show and all elements thereof, including but not limited to copyright and trademark thereto, are the property of Jeopardy Productions, Inc. and are protected under law. This website is not affiliated with, sponsored by, or operated by Jeopardy Productions, Inc. Join the discussion at JBoard.tv.